Latin languages - Statistiques

Statistiques générales
  • Ce quiz a été pris 21 fois
    15 depuis la dernière actualisation
  • Le résultat moyen est 4 sur 5
Statistiques - réponses
% Spoken Worldwide Réponse % Correct
4.2 % French
100%
0.8 % Italian
93%
7.5 % Spanish
86%
3.2 % Portuguese
64%
0.3 % Romanian
64%
Aucun quiz correspondant
Distribution des résultats
% des personnes avec chaque résultat
Percentile par nombre de réponses
Votre historique - résultats
Vous n’avez pas pris ce quiz depuis la dernière actualisation